000 00628nam a2200181 i 4500
001 127744
003 ES-MaACL
005 20230906193057.0
007 t|
008 070214s1965 ag r ||||1| spa d
100 1 _aRivacoba y Rivacoba, Manuel de.
_997535
245 1 0 _aGiner, Azcárate y Costa en un libro /
_cManuel de Rivacoba y Rivacoba.
260 _aSanta Fe (Argentina) :
_b[s. n.],
_c1965 (
_fImp. Universidad Nacional del Litoral)
300 _a3 h. ;
_c23 cm.
595 _aTirada aparte de: Revista Universidad, n. 66, 1965.
710 2 _aUniversidad Nacional del Litoral.
_97427
852 _aES-MaACL
_j2057-F-10
999 _c127744
_d127744